书目信息 |
| 题名: |
西班牙史纲
|
|
| 作者: | 伊·莫·马依斯基 著 ;北京编译社 译 | |
| 分册: | 下册 | |
| 出版信息: | 上海 生活·读书·新知三联书店 1972.11 |
|
| 页数: | 423-849页 | |
| 开本: | 20cm | |
| 丛书名: | ||
| 单 册: | ||
| 中图分类: | K551.0 | |
| 科图分类: | ||
| 主题词: | 欧洲--历史 | |
| 电子资源: | ||
| ISBN: | ||
| 000 | 00764nam0 2200241 45 | |
| 001 | 0212171073 | |
| 005 | 20040510144453.5 | |
| 010 | @dCNY2.35 | |
| 091 | @a11002.447 | |
| 100 | @a20021217d1972 km y0chiy0120 ea | |
| 101 | 0 | @achi |
| 105 | @ab z 000yy | |
| 200 | 1 | @a西班牙史纲@AXi Ban Ya Shi Gang@e1808-1917年@E1808-1917 Nian@h下册@f(苏)伊·莫·马依斯基著@F(Su)Yi·Mo·Ma Yi Si Ji Zhu@g北京编译社译 |
| 210 | @a上海@c生活·读书·新知三联书店@d1972.11 | |
| 215 | @a423-849页@c地图@d20cm | |
| 300 | @a内部参考读物 | |
| 517 | @a1808-1917年@A1808-1917 Nian | |
| 606 | 0 | @a欧洲@x历史 |
| 690 | @aK551.0@v3 | |
| 701 | 0 | @a伊·莫·马依斯基@4著 |
| 712 | 02 | @a北京编译社@ABei Jing Bian Yi She@4译 |
| 801 | @aCN@bTSTC@c20021217 | |
| 905 | @dK551.0@e2:2@f1@b228393 | |
| 西班牙史纲:1808-1917年.下册/(苏)伊·莫·马依斯基著/北京编译社译.-上海:生活·读书·新知三联书店,1972.11 |
| 423-849页:地图;20cm |
| 内部参考读物 |
| ISBN :CNY2.35 |
| ● |
| 相关链接 |
|
|
|
|
正题名:西班牙史纲
索取号:K551.0/2:2
 
预约/预借
| 序号 | 登录号 | 条形码 | 馆藏地/架位号 | 状态 | 备注 |
| 1 | 0228393 | 001411699 | 第二借阅区/ [索取号:K551.0/2:2] | 在馆 |